| 000 | 00760cam a2200289 i 4500 | ||
|---|---|---|---|
| 001 | 160576 | ||
| 003 | TR-AnTOB | ||
| 005 | 20240515152951.0 | ||
| 007 | ta | ||
| 008 | 161110s2000 tu 000 0 tur d | ||
| 040 |
_aTR-AnTOB _beng _erda _cTR-AnTOB |
||
| 041 | 0 | _atur | |
| 050 | _aHC493.E73 | ||
| 090 | _aHC493.E73 | ||
| 110 | 2 |
_aErciş Ticaret ve Sanayi Odası _967309 |
|
| 245 | 0 | _aErciş 2000. | |
| 264 | 1 |
_aErciş : _bErciş Ticaret ve Sanayi Odası, _c2000. |
|
| 300 |
_apages ; _ccm |
||
| 336 |
_atext _btxt _2rdacontent |
||
| 337 |
_aunmediated _bn _2rdamedia |
||
| 338 |
_avolume _bnc _2rdacarrier |
||
| 653 | 5 | _aErciş Türkiye)--Ekonomik durum | |
| 902 | _aT000890(000948) | ||
| 903 | _aTOBB Koleksiyonu | ||
| 942 |
_2lcc _cBK |
||
| 999 |
_c160576 _d2850 |
||